HBR's 10 must reads (Record no. 4610)

MARC details
000 -CABECERA
campo de control de longitud fija 02429cam a2200289 a 4500
001 - NÚMERO DE CONTROL
campo de control a6962544
003 - IDENTIFICADOR DEL NÚMERO DE CONTROL
campo de control SIRSI
005 - FECHA Y HORA DE LA ÚLTIMA TRANSACCIÓN
campo de control 20251022144037.0
008 - DATOS DE LONGITUD FIJA--INFORMACIÓN GENERAL
campo de control de longitud fija 100729t20112011maua b 001 0 eng
010 ## - NÚMERO DE CONTROL DE LA BIBLIOTECA DEL CONGRESO
Número de control de LC 2010031619
020 ## - NÚMERO INTERNACIONAL ESTÁNDAR DEL LIBRO
Número Internacional Estándar del Libro 9781422157985
035 ## - NÚMERO DE CONTROL DEL SISTEMA
Número de control de sistema (OCoLC)606783875
040 ## - FUENTE DE LA CATALOGACIÓN
Centro/agencia transcriptor tbs
041 ## - CÓDIGO DE LENGUA
Código de lengua del texto/banda sonora o título independiente eng
050 00 - SIGNATURA TOPOGRÁFICA DE LA BIBLIOTECA DEL CONGRESO
Número de clasificación HD30.28
Número de documento/Ítem .H395 2011
240 ## - TÍTULO UNIFORME
Título uniforme Harvard business review.
245 00 - MENCIÓN DE TÍTULO
Título HBR's 10 must reads
Resto del título : on strategy.
260 ## - PUBLICACIÓN, DISTRIBUCIÓN, ETC.
Lugar de publicación, distribución, etc. Boston, MA :
Nombre del editor, distribuidor, etc. Harvard Business Review Press,
Fecha de publicación, distribución, etc. 2011.
300 ## - DESCRIPCIÓN FÍSICA
Extensión v, 266 pages :
Otras características físicas illustrations ;
Dimensiones 21 cm.
490 ## - MENCIÓN DE SERIE
Mención de serie HBR's 10 must reads
504 ## - NOTA DE BIBLIOGRAFÍA, ETC.
Nota de bibliografía, etc. Includes bibliographical references and index.
505 ## - NOTA DE CONTENIDO CON FORMATO
Nota de contenido con formato What is strategy? / Michael E. Porter — The five competitive forces that shape strategy / Michael E. Porter — Building you company's vision / James C. Collins and Jerry I. Porras — Reinventing you business model / Mark W. Johnson, Clayton M. Christensen, and Henning Kagermann — Blue ocean strategy / W. Chan Kim and Renée Mauborgne — The secrets to successful strategy execution / Gary L. Neilson, Karla L. Martin and Elizabeth Powers — Using the balanced scorecard as a strategic management system / Robert S. Kaplan and David P. Norton — Transforming corner-office strategy into frontline action / Orit Gadiesh and James L. Gilbert — Turning great strategy into great performance / Michael C. Mankins and Richard Steele — Who has the D?: How clear decision roles enhance organizational performance / Paul Rogers and Marcia Blenko.
520 ## - SUMARIO, ETC.
Sumario, etc. Is your company spending too much time on strategy development--with too little to show for it? If you read nothing else on strategy, read these 10 articles. We've combed through hundreds of Harvard Business Review articles and selected the most important ones to help you catalyze your organization's strategy development and execution. HBR's 10 Must Reads on Strategy will inspire you to: Distinguish your company from rivals; Clarify what your company will and won't do; Craft a vision for an uncertain future; Create blue oceans of uncontested market space; Use the Balanced Scorecard to measure your strategy; Capture your strategy in a memorable phrase; Make priorities explicit; Allocate resources early; Clarify decision rights for faster decision making.
650 #0 - PUNTO DE ACCESO ADICIONAL DE MATERIA--TÉRMINO DE MATERIA
Término de materia o nombre geográfico como elemento de entrada Strategic planning
9 (RLIN) 3573
710 ## - ENTRADA AGREGADA--NOMBRE DE ENTIDAD CORPORATIVA
Nombre de entidad corporativa o nombre de jurisdicción como elemento de entrada Harvard Business Review Press (Firm)
9 (RLIN) 25086
942 ## - ELEMENTOS DE ENTRADA AGREGADA (KOHA)
Fuente del sistema de clasificación o colocación Clasificación de Library of Congress
Holdings
Estado de retiro Estado de pérdida Fuente del sistema de clasificación o colocación Estado dañado No para préstamo Biblioteca de origen Biblioteca actual Fecha de adquisición Total de préstamos Signatura topográfica completa Código de barras Fecha visto por última vez Fecha del último préstamo Número de copia Precio válido a partir de Tipo de ítem Koha
    Clasificación Decimal Dewey     TBS Barcelona TBS Barcelona 28/03/2025 1 HD30.28 HAR B05916 28/10/2025 28/03/2025 1 28/03/2025 Book

Powered by Koha